<?xml version="1.0" encoding="UTF-8"?>
<collection xmlns="http://www.loc.gov/MARC21/slim">
 <record>
  <leader>00447pamaa2200145   4500</leader>
  <controlfield tag="001">0000038682</controlfield>
  <controlfield tag="005">20150709090000.0</controlfield>
  <datafield tag="020" ind1="0" ind2="0">
   <subfield code="a">[Nil] </subfield>
  </datafield>
  <datafield tag="090" ind1="0" ind2="0">
   <subfield code="a">PE1131 </subfield>
   <subfield code="b">TOD [200?]</subfield>
  </datafield>
  <datafield tag="245" ind1="1" ind2="0">
   <subfield code="a">TODAY'S english  </subfield>
   <subfield code="c">TBH Learning Resources Sdn. Bhd.</subfield>
  </datafield>
  <datafield tag="260" ind1="0" ind2="0">
   <subfield code="a">Malaysia: </subfield>
   <subfield code="b">TBH Learning Resources Sdn. Bhd, </subfield>
   <subfield code="c">[200?].</subfield>
  </datafield>
  <datafield tag="300" ind1=" " ind2=" ">
   <subfield code="a">xii, 370p.; </subfield>
   <subfield code="c">21 cm.</subfield>
  </datafield>
  <datafield tag="500" ind1="0" ind2="0">
   <subfield code="a">Includes  Dictionay of Expressions and 5 cassettes</subfield>
  </datafield>
  <datafield tag="501" ind1="0" ind2="0">
   <subfield code="a">EIP</subfield>
  </datafield>
  <datafield tag="650" ind1="0" ind2="0">
   <subfield code="a">English language -- </subfield>
   <subfield code="x">Grammar </subfield>
  </datafield>
 </record>
</collection>
